Aplicacin̤ prc̀tica del Cd̤igo Fiscal 2017

Bibliographic Details
Main Author: Sǹchez Miranda, Arnulfo
Format: eBook
Language:Spanish
Published: Mx̌ico DF: Ediciones Fiscales ISEF, 2017
Subjects:
Online Access:Acceso restringido

MARC

LEADER 00000nam a22000007a 4500
005 20170530225739.0
007 cr|||| ||||
008 170530s2017 mx |||||s|||| 00||0 spa d
020 |a 978-607-406-863-4 
035 |a 20306 
040 |a vLex 
090 |c 6735  |d 6735 
100 1 |a Sǹchez Miranda, Arnulfo 
245 1 0 |a Aplicacin̤ prc̀tica del Cd̤igo Fiscal 2017  |h [Recurso electrn̤ico] /  |c Arnulfo Sǹchez Miranda 
256 |a Servicio en ln̕ea 
260 |a Mx̌ico DF:  |b Ediciones Fiscales ISEF,  |c 2017 
300 |a 1 recurso electrn̤ico 
500 |a APLICACION PRACTICA DEL CODIGO FISCAL 2017, podr ̀conocer los elementos sustantivos de las contribuciones, derechos y obligaciones tanto de la autioridad fiscal como de los contribuyentes. Adems̀ le proporcionar ̀las herramientas bs̀icas para orientar de forma correcta el pago del tributo, para posteriormente, reorientarlo. 
506 1 |a Disponible solo en los productos indicados  |d vLex Global  |d vLex Global (Academic Edition, excluding Law Schools)  |d vLex Global (U.S. Academic Edition, Law Schools)  |d vLex Global (U.S. Academic Edition, excluding Law Schools)  |d vLex Global (Academic Edition, Law Schools) 
650 0 4 |a Derecho Fiscal  |z Mx̌ico 
740 0 |a vLex Libros (Servicio en ln̕ea) 
856 4 0 |u http://vlex.com/source/aplicacion-practica-del-codigo-fiscal-2017-20306  |z Acceso restringido 
942 |c BOOK 
999 0 |a Tax Law